Applied thermodynamics for engineering technologists. (Record no. 545849)
[ view plain ]
| 000 -LEADER | |
|---|---|
| fixed length control field | 00528cam a2200169u 4500 |
| 082 ## - DEWEY DECIMAL CLASSIFICATION NUMBER | |
| Classification number | 621.4821 |
| Author Mark | EAS |
| 100 1# - MAIN ENTRY--PERSONAL NAME | |
| Personal name | Eastop, Thomas D. [from old catalog] |
| 9 (RLIN) | 41821 |
| 245 10 - TITLE STATEMENT | |
| Title | Applied thermodynamics for engineering technologists. |
| 260 ## - PUBLICATION, DISTRIBUTION, ETC. | |
| Place of publication, distribution, etc. | [London], |
| Name of publisher, distributor, etc. | Longmans |
| Date of publication, distribution, etc. | [1963], |
| 300 ## - PHYSICAL DESCRIPTION | |
| Extent | 738p. |
| 526 ## - STUDY PROGRAM INFORMATION NOTE | |
| Program name | 0 |
| Interest level | 0 |
| Reading level | 0 |
| Title point value | 621_482100000000000_EAS |
| 526 ## - STUDY PROGRAM INFORMATION NOTE | |
| Program name | 0 |
| Interest level | 0 |
| Reading level | 0 |
| Title point value | 621_482100000000000_EAS |
| 650 #0 - SUBJECT ADDED ENTRY--TOPICAL TERM | |
| Topical term or geographic name entry element | MCE |
| 9 (RLIN) | 379 |
| 650 #0 - SUBJECT ADDED ENTRY--TOPICAL TERM | |
| Topical term or geographic name entry element | Thermodynamics. |
| 9 (RLIN) | 7134 |
| 700 1# - ADDED ENTRY--PERSONAL NAME | |
| Personal name | McConkey, Allen, [from old catalog] |
| 9 (RLIN) | 41822 |
| 942 ## - ADDED ENTRY ELEMENTS (KOHA) | |
| Source of classification or shelving scheme | |
| Koha item type | Book |
| Withdrawn status | Lost status | Source of classification or shelving scheme | Damaged status | Not for loan | Permanent Location | Current Location | Date acquired | Total Checkouts | Full call number | Barcode | Date last seen | Price effective from | Koha item type | Date last checked out |
|---|---|---|---|---|---|---|---|---|---|---|---|---|---|---|
| Military College of Engineering (MCE) | Military College of Engineering (MCE) | 05/29/2014 | 621.4821 EAS | MCE-3679 | 05/29/2014 | 05/29/2014 | Book | |||||||
| Military College of Engineering (MCE) | Military College of Engineering (MCE) | 09/16/2014 | 1 | 621.4821 EAS | MCE-33328 | 06/11/2015 | 09/16/2014 | Book | 03/25/2015 |
